E-40 Discography - Statistics

General Stats
  • This quiz has been taken 8 times
  • The average score is 18 of 47
Answer Stats
Year Name Type % Correct
2006 My Ghetto Report Card Album
100%
2012 History: Function Music Collaborative Album
75%
2012 History: Mob Music Collaborative Album
75%
2014 Sharp on All 4 Corners: Corner 1 Album
75%
2014 Sharp on All 4 Corners: Corner 2 Album
75%
2008 The Ball Street Journal Album
75%
2012 The Block Brochure: Welcome to the Soil 1 Album
75%
1995 In a Major Way Album
50%
2010 Revenue Retrievin': Day Shift Album
50%
2011 Revenue Retrievin: Graveyard Shift Album
50%
2010 Revenue Retrievin': Night Shift Album
50%
2011 Revenue Retrievin': Overtime Shift Album
50%
2012 The Block Brochure: Welcome to the Soil 2 Album
50%
2012 The Block Brochure: Welcome to the Soil 3 Album
50%
2013 The Block Brochure: Welcome to the Soil 4 Album
50%
2013 The Block Brochure: Welcome to the Soil 5 Album
50%
2013 The Block Brochure: Welcome to the Soil 6 Album
50%
1994 The Mail Man Album
50%
2003 Breakin' News Album
25%
1999 Charlie Hustle: The Blueprint of a Self-Made Millionaire Album
25%
2018 Connected and Respected Collaborative Album
25%
1992 Down and Dirty Group Album
25%
1993 Federal Album
25%
1995 Game Related Group Album
25%
2002 Grit & Grind Album
25%
2012 History: Mob Music & Function Music Compilation
25%
2007 Hyphy Movement Compilation
25%
1990 Let's Side EP
25%
2000 Loyalty and Betrayal Album
25%
2001 Money & Muscle Group Album
25%
1991 Mr. Flamboyant EP
25%
2015 Poverty and Prosperity EP
25%
2019 Practice Makes Paper Album
25%
2014 Sharp on All 4 Corners: Pt. 1 & 2 Compilation
25%
1997 Southwest Riders Compilation
25%
2005 The Bay Bridges Compilation Compilation
25%
2004 The Best of E-40: Yesterday, Today & Tomorrow Compilation
25%
2003 The Best of the Click Group Compilation
25%
2012 The Block Brochure: Welcome to the Soil 1, 2 & 3 Compilation
25%
2013 The Block Brochure: Welcome to the Soil 4, 5 & 6 Compilation
25%
2016 The D-Boy Diary: Book 1 Album
25%
2016 The D-Boy Diary: Book 2 Album
25%
2016 The D-Boy Diary Pt. 1 & 2 Compilation
25%
1998 The Element of Surprise Album
25%
2018 The Gift of Gab Album
25%
1996 The Hall of Game Album
25%
2020 The Rule of Thumb Album
25%
No matching quizzes found
Score Distribution
Percent of People with Each Score
Percentile by Number Answered
Your Score History
You have not taken this quiz